000 01299cam a22002294a 4500
005 20250605164133.0
008 250528s ||||||||||||||||||||||||d
035 _a18658
020 _a415003830
040 _aGR-AtMCL
_bgre
_dGR-AtMCL
_eAACR2
245 1 _aThe Classical Hollywood Cinema / Film Style and Mode of Production 1960
260 _bRouledge,
_c1994
300 _a512
505 0 _aAcknowledgements, Preface, The Classical Hollywood Style 1917-1960, The Hollywood Mode of Production to 1930, The Formulation of the Classical Stylwe 1909-1928, Film Style and Technology to 1930, The Hollywood Mode of Production 1930-1960, Film Style and Technology 1930-1960, Historical Implications of the Classical Hollywood Cinema, Envoi, Notes, Index.
520 _aAcknowledgements, Preface, The Classical Hollywood Style 1917-1960, The Hollywood Mode of Production to 1930, The Formulation of the Classical Stylwe 1909-1928, Film Style and Technology to 1930, The Hollywood Mode of Production 1930-1960, Film Style and Technology 1930-1960, Historical Implications of the Classical Hollywood Cinema, Envoi, Notes, Index.
700 1 _aBordwell David
_94913
700 1 _aStaiger Janet
_94926
700 1 _aThompson Kristin
_94914
942 _cBK
999 _c4003
_d4003